000 00392nam a2200169Ia 4500
001 3577
003 IN-NITTTR
005 20251114232949.0
008 251113s9999||||xx |||||||||||||| ||eng||
040 _beng
040 _cIN-NITTTR
041 _aeng
082 _a681.2 S24P
100 _aSharp, K. W. B.
245 0 _aPractical engineering metrology. /
_cSharp, K. W. B.
942 _2ddc
_cBK
999 _c5904
_d5904